[Event "Moscow-ch Women 2021"]
[Site "Moscow"]
[Date "2021.03.29"]
[Round "5.3"]
[White "Shvedova, Alexandra"]
[Black "Gorovenko, Darya"]
[Result "1/2-1/2"]
[WhiteElo "1997"]
[BlackElo "2106"]
[Annotator "TA"]
[PlyCount "158"]
[EventDate "2021.03.25"]
[EventType "swiss"]
[EventCountry "RUS"]
[SourceTitle "playchess.com"]
[Source "ChessBase"]
[SourceQuality "1"]

{[%evp 18,158,49,22,34,35,85,82,94,63,64,31,106,110,92,94,59,53,93,62,75,67,68,67,78,76,85,50,50,46,46,55,55,51,67,46,55,0,47,49,62,34,34,29,58,59,58,36,37,25,54,55,87,92,112,58,44,42,74,72,81,81,81,74,76,80,72,78,164,79,104,110,223,64,152,152,142,140,306,189,185,152,165,154,247,247,240,247,394,374,374,374,367,358,394,387,350,313,447,240,240,240,240,240,241,240,240,240,240,233,233,178,233,185,240,233,226,185,8489,185,185,178,178,178,178,178,178,170,170,163,163,163,163,149,163,156,149,149,141,134,134,127,127]} 1. e4 c5 2. Nf3 Nc6 3. d4 cxd4 4. Nxd4 Qb6 5. Nb3 Nf6 6. Nc3 e6 7. Be3 Qc7 8. a3 a6 9. f4 d6 10. Be2 {10.Be2 was played by the boomers.} Be7 {B33: Sicilian: Pelikan and Sveshnikov Variations.} 11. Bf3 {[#]} Bd7 $146 ({Predecessor:} 11... O-O 12. O-O b5 13. g4 Bb7 14. Bg2 Rfe8 15. g5 Nd7 16. Rf3 b4 17. axb4 Nxb4 {1-0 (36) Nomin Erdene,D (2288)-Kernazhitsky,L (2299) Kecskemet 2014}) 12. Qe2 h5 13. O-O-O Rc8 $1 14. Rhe1 Na5 ({Better is} 14... b5 $1 $14) 15. Nxa5 $16 Qxa5 16. Bd2 Qc7 17. Kb1 e5 18. f5 Qc4 19. Bg5 Qxe2 20. Rxe2 Bc6 21. Bxf6 gxf6 22. Re3 h4 23. Nd5 Bxd5 24. Rxd5 Kd7 25. Rb3 Rc7 26. Rb6 Kc8 27. Rb3 (27. Rd3 $14) 27... Rg8 28. Rd2 Rg5 29. Bd1 {aiming for Rh3.} Rc4 30. Re3 Rd4 31. Rxd4 exd4 $14 {[%mdl 4096] Endgame KRB-KRB} 32. Rh3 {Black must now prevent Bf3.} Rxg2 33. Rxh4 Rg1 34. Kc1 Bd8 35. Kd2 Kd7 36. Rh8 (36. Rh7 $16) 36... d5 37. exd5 Bc7 38. Bf3 Rf1 39. Ke2 d3+ 40. cxd3 (40. Kxf1 $2 {is the wrong capture.} dxc2 41. Bh5 c1=Q+ $19) 40... Rb1 41. h4 Rxb2+ 42. Ke3 Kd6 (42... Rh2 $16) 43. Be4 (43. Rh7 $1 $18) 43... Rh2 44. h5 Ke5 (44... b5 $16) 45. d4+ Kd6 46. h6 b5 47. h7 a5 $2 (47... Rh6 $16 48. Bg2 Kd7) 48. Bb1 Rh3+ 49. Ke2 Rh2+ 50. Kf3 b4 (50... Kxd5 $16 {was called for.} 51. Rc8 Rxh7) 51. axb4 $18 axb4 {[#]} 52. Ba2 {[%mdl 512]} Rh3+ (52... Rxa2 {was necessary.} 53. Rd8+ {[%mdl 64] Clearance, Promotion} Bxd8) 53. Kg2 Rh4 54. Bb3 Rh5 55. Kg3 Rh1 56. Kf3 Rh3+ 57. Ke2 Rxb3 {[#] KRB-KR} (57... Kd7 $142 58. d6 Rh2+ 59. Kf3 Kxd6 60. Bxf7 Rh4) 58. Rg8 (58. Rd8+ $142 $3 {[%mdl 512]} Bxd8 59. h8=Q) 58... Rh3 59. h8=Q Rxh8 60. Rxh8 {And now Kd3 would win.} Kxd5 {KR-KB} 61. Kd3 b3 {[#] intending ...b2.} 62. Rh1 $1 Bb6 63. Rb1 Bxd4 64. Rxb3 Bg1 (64... Bf2 $142 65. Ke2 Bc5) 65. Rb5+ Bc5 (65... Kd6 {was worth a try.} 66. Ke4 Kc6) 66. Ra5 Kd6 67. Ke4 Bb4 $2 (67... Bg1 68. Ra1 Bc5) 68. Ra6+ $2 (68. Rb5 Bc3 69. Rb7) 68... Ke7 69. Kd5 Bc3 70. Kc6 Be5 71. Ra7+ Ke8 72. Kd5 Bc3 73. Rb7 Be5 74. Ke4 Bc3 75. Rc7 Be5 76. Ra7 Bc3 77. Kf4 Bd2+ 78. Kg4 Be3 79. Rb7 Bd2 {Weighted Error Value: White=0.20/Black=0.26} 1/2-1/2

[Event "Moscow-ch Women 2021"]
[Site "Moscow"]
[Date "2021.03.29"]
[Round "5.4"]
[White "Zherebtsova, Alexandra"]
[Black "Danilova, Rada"]
[Result "1-0"]
[WhiteElo "2177"]
[BlackElo "2048"]
[Annotator "NA"]
[PlyCount "96"]
[EventDate "2021.03.25"]
[EventType "swiss"]
[EventCountry "RUS"]
[SourceTitle "playchess.com"]
[Source "ChessBase"]
[SourceQuality "1"]
[TimeControl "5400+30"]

1. d4 {[%emt 0:03:04]} Nf6 {[%emt 0:00:00]} 2. c4 {[%emt 0:00:09]} e6 {[%emt 0:00:00]} 3. Nc3 {[%emt 0:00:09]} Bb4 {[%emt 0:00:00]} 4. e3 {[%emt 0:00:09]} O-O {[%emt 0:00:07]} 5. Nge2 {[%emt 0:00:16]} d5 {[%emt 0:00:13]} 6. a3 {[%emt 0:00:34]} Bd6 {[%emt 0:00:30]} 7. c5 {[%emt 0:19:12]} Be7 {[%emt 0:00:09]} 8. g3 {[%emt 0:01:37]} b6 {[%emt 0:00:53]} 9. b4 {[%emt 0:00:15]} c6 {[%emt 0:00:36]} 10. Bg2 {[%emt 0:05:40]} Nbd7 {[%emt 0:02:15]} 11. O-O {[%emt 0:13:19]} bxc5 {[%emt 0:09:10]} 12. bxc5 {[%emt 0:01:16]} Ba6 {[%emt 0:00:31]} 13. Re1 {[%emt 0:17:25]} Qc8 {[%emt 0:03:03]} 14. Qc2 {[%emt 0:07:18]} e5 {[%emt 0:11:26]} 15. Bb2 {[%emt 0:04:18]} e4 {[%emt 0:06:08]} 16. f3 {[%emt 0:00:10]} exf3 {[%emt 0:01:58]} 17. Bxf3 {[%emt 0:00:05]} Re8 {[%emt 0:00:05]} 18. Nf4 {[%emt 0:02:22]} Rb8 {[%emt 0:03:50]} 19. Rab1 {[%emt 0:00:45]} Nf8 {[%emt 0:06:01]} 20. e4 {[%emt 0:02:49]} dxe4 {[%emt 0:01:30]} 21. Nxe4 {[%emt 0:00:12]} Nxe4 {[%emt 0:03:20]} 22. Bxe4 {[%emt 0:03:19]} Bg5 {[%emt 0:02:41]} 23. Nd3 {[%emt 0:10:50]} f5 {[%emt 0:08:34]} 24. Bxc6 {[%emt 0:02:30]} Rxe1+ {[%emt 0:06:37]} 25. Rxe1 {[%emt 0:00:29]} Qxc6 {[%emt 0:00:50]} 26. Nb4 {[%emt 0:00:05]} Qf3 {[%emt 0:11:10]} 27. Nxa6 {[%emt 0:01:09]} Be3+ {[%emt 0:00:04]} 28. Rxe3 {[%emt 0:00:13]} Qxe3+ {[%emt 0:00:01]} 29. Kg2 {[%emt 0:00:08]} Qe4+ {[%emt 0:01:08]} 30. Qxe4 {[%emt 0:01:15]} Rxb2+ {[%emt 0:00:07]} 31. Kf3 {[%emt 0:00:48]} fxe4+ {[%emt 0:00:05]} 32. Kxe4 {[%emt 0:00:03]} Kf7 {[%emt 0:01:27]} 33. Kd5 {[%emt 0:00:40]} Ke7 {[%emt 0:00:49]} 34. Kc6 {[%emt 0:00:08]} Ne6 {[%emt 0:00:44]} 35. d5 {[%emt 0:00:16]} Nd8+ {[%emt 0:00:12]} 36. Kc7 {[%emt 0:00:04]} Rb7+ {[%emt 0:00:06]} 37. Kc8 {[%emt 0:00:04]} Rb3 {[%emt 0:08:38]} 38. d6+ {[%emt 0:00:32]} Kf7 {[%emt 0:02:34]} 39. Kxd8 {[%emt 0:00:27]} Rxa3 {[%emt 0:00:03]} 40. Kc7 {[%emt 0:02:37]} Rd3 {[%emt 0:02:35]} 41. d7 {[%emt 0:00:54]} Ke7 {[%emt 0:00:39]} 42. Nb8 {[%emt 0:01:17]} a5 {[%emt 0:00:55]} 43. Nc6+ {[%emt 0:00:14]} Ke6 {[%emt 0:00:39]} 44. d8=Q {[%emt 0:00:09]} Rxd8 {[%emt 0:09:37]} 45. Kxd8 {[%emt 0:01:14]} Kd5 {[%emt 0:00:00]} 46. Nxa5 {[%emt 0:00:06]} Kxc5 {[%emt 0:00:00]} 47. Ke7 {[%emt 0:00:12]} h5 {[%emt 0:00:00]} 48. Kf7 {[%emt 0:00:36]} Kd5 {[%emt 0:02:00]} 1-0

[Event "Moscow-ch Women 2021"]
[Site "Moscow"]
[Date "2021.03.29"]
[Round "5.5"]
[White "Ivanova, Anastasia S."]
[Black "Dimitrova, Aleksandra"]
[Result "0-1"]
[WhiteElo "1830"]
[BlackElo "2275"]
[Annotator "NA"]
[PlyCount "60"]
[EventDate "2021.03.25"]
[EventType "swiss"]
[EventCountry "RUS"]
[SourceTitle "playchess.com"]
[Source "ChessBase"]
[SourceQuality "1"]
[TimeControl "5400+30"]

1. d4 {[%emt 0:00:00]} Nf6 {[%emt 0:00:00]} 2. c4 {[%emt 0:00:00]} e6 {[%emt 0:00:00]} 3. Nc3 {[%emt 0:00:00]} Bb4 {[%emt 0:00:00]} 4. f3 {[%emt 0:00:00]} c5 {[%emt 0:03:13]} 5. d5 {[%emt 0:00:00]} b5 {[%emt 0:01:20]} 6. e4 {[%emt 0:11:31]} O-O {[%emt 0:00:35]} 7. Bd3 {[%emt 0:10:15]} exd5 {[%emt 0:09:06]} 8. cxd5 {[%emt 0:04:31]} c4 {[%emt 0:00:56]} 9. Bc2 {[%emt 0:00:51]} Qb6 {[%emt 0:04:49]} 10. Nge2 {[%emt 0:06:51]} Bc5 {[%emt 0:02:34]} 11. e5 {[%emt 0:04:48]} Ne8 {[%emt 0:01:53]} 12. Ne4 {[%emt 0:05:15]} Bb7 {[%emt 0:04:58]} 13. Ng5 {[%emt 0:08:56]} g6 {[%emt 0:11:39]} 14. Qd2 {[%emt 0:08:57]} Na6 {[%emt 0:16:43]} 15. a3 {[%emt 0:07:13]} Nac7 {[%emt 0:03:28]} 16. Nc3 {[%emt 0:07:26]} Bd4 {[%emt 0:05:03]} 17. d6 {[%emt 0:01:19]} Nd5 {[%emt 0:06:04]} 18. Nxd5 {[%emt 0:00:29]} Bxd5 {[%emt 0:00:03]} 19. Qf4 {[%emt 0:04:20]} Ng7 {[%emt 0:03:15]} 20. Qh4 {[%emt 0:04:38]} h5 {[%emt 0:00:25]} 21. Be4 {[%emt 0:01:28]} Bxe4 {[%emt 0:01:26]} 22. Qxe4 {[%emt 0:00:20]} Bxe5 {[%emt 0:02:10]} 23. Nxf7 {[%emt 0:05:42]} Kxf7 {[%emt 0:02:13]} 24. Qd5+ {[%emt 0:00:16]} Kf6 {[%emt 0:01:16]} 25. h4 {[%emt 0:04:41]} Bg3+ {[%emt 0:01:11]} 26. Kd1 {[%emt 0:00:29]} Nf5 {[%emt 0:01:41]} 27. Bg5+ {[%emt 0:00:49]} Kg7 {[%emt 0:00:07]} 28. Kc2 {[%emt 0:01:45]} Rae8 {[%emt 0:02:12]} 29. Rad1 {[%emt 0:00:53]} Re2+ {[%emt 0:00:10]} 30. Rd2 {[%emt 0:00:22]} Re5 {[%emt 0:00:29]} 0-1

[Event "Moscow-ch Women 2021"]
[Site "Moscow"]
[Date "2021.03.29"]
[Round "5.6"]
[White "Mayorova, Varvara"]
[Black "Kanevskaya, Anna"]
[Result "0-1"]
[WhiteElo "1446"]
[BlackElo "2130"]
[Annotator "NA"]
[PlyCount "76"]
[EventDate "2021.03.25"]
[EventType "swiss"]
[EventCountry "RUS"]
[SourceTitle "playchess.com"]
[Source "ChessBase"]
[SourceQuality "1"]
[TimeControl "5400+30"]

1. Nf3 {[%emt 0:02:02]} d5 {[%emt 0:44:02]} 2. d4 {[%emt 0:00:06]} Nf6 {[%emt 0:00:15]} 3. c4 {[%emt 0:00:05]} g6 {[%emt 0:00:48]} 4. cxd5 {[%emt 0:00:34]} Nxd5 {[%emt 0:00:05]} 5. e4 {[%emt 0:00:14]} Nb6 {[%emt 0:00:06]} 6. Nc3 {[%emt 0:00:23]} Bg7 {[%emt 0:00:14]} 7. Be3 {[%emt 0:00:41]} O-O {[%emt 0:02:20]} 8. Qd2 {[%emt 0:00:30]} Nc6 {[%emt 0:00:43]} 9. Be2 {[%emt 0:04:13]} Bg4 {[%emt 0:02:46]} 10. e5 {[%emt 0:03:12]} Qd7 {[%emt 0:05:51]} 11. h3 {[%emt 0:00:55]} Bf5 {[%emt 0:07:17]} 12. g4 {[%emt 0:02:14]} Be6 {[%emt 0:00:18]} 13. Rd1 {[%emt 0:02:42]} Rfd8 {[%emt 0:02:13]} 14. Bh6 {[%emt 0:04:40]} Bh8 {[%emt 0:02:54]} 15. Ng5 {[%emt 0:02:39]} Nxd4 {[%emt 0:03:47]} 16. Qf4 {[%emt 0:05:06]} Nxe2 {[%emt 0:01:57]} 17. Kxe2 {[%emt 0:00:24]} Qc6 {[%emt 0:02:39]} 18. Nge4 {[%emt 0:08:01]} Nd5 {[%emt 0:03:02]} 19. Nxd5 {[%emt 0:01:21]} Bxd5 {[%emt 0:00:57]} 20. f3 {[%emt 0:00:44]} Qb5+ {[%emt 0:03:41]} 21. Kf2 {[%emt 0:01:52]} Qxb2+ {[%emt 0:00:19]} 22. Rd2 {[%emt 0:00:47]} Qxe5 {[%emt 0:00:32]} 23. Rhd1 {[%emt 0:02:32]} Qxf4 {[%emt 0:01:12]} 24. Bxf4 {[%emt 0:00:06]} c6 {[%emt 0:00:08]} 25. h4 {[%emt 0:00:42]} b6 {[%emt 0:02:12]} 26. h5 {[%emt 0:01:01]} Rd7 {[%emt 0:01:35]} 27. hxg6 {[%emt 0:00:32]} hxg6 {[%emt 0:00:07]} 28. Bg5 {[%emt 0:00:27]} Rad8 {[%emt 0:00:47]} 29. f4 {[%emt 0:00:35]} f6 {[%emt 0:01:01]} 30. Bh4 {[%emt 0:01:06]} Be6 {[%emt 0:00:22]} 31. f5 {[%emt 0:01:14]} Rxd2+ {[%emt 0:00:09]} 32. Nxd2 {[%emt 0:01:08]} gxf5 {[%emt 0:00:09]} 33. gxf5 {[%emt 0:00:14]} Bxf5 {[%emt 0:00:07]} 34. Rg1+ {[%emt 0:00:06]} Kf7 {[%emt 0:00:05]} 35. Ke2 {[%emt 0:00:29]} Bg6 {[%emt 0:00:19]} 36. Rc1 {[%emt 0:00:41]} c5 {[%emt 0:00:06]} 37. a4 {[%emt 0:00:06]} Bg7 {[%emt 0:00:07]} 38. Rc2 {[%emt 0:01:01]} Bxc2 {[%emt 0:00:05]} 0-1

[Event "Moscow-ch Women 2021"]
[Site "Moscow"]
[Date "2021.03.29"]
[Round "5.7"]
[White "Kunikova, Polina S"]
[Black "Ilyina, Lada"]
[Result "0-1"]
[WhiteElo "1028"]
[BlackElo "1959"]
[Annotator "NA"]
[PlyCount "80"]
[EventDate "2021.03.25"]
[EventType "swiss"]
[EventCountry "RUS"]
[SourceTitle "playchess.com"]
[Source "ChessBase"]
[SourceQuality "1"]
[TimeControl "5400+30"]

1. e4 {[%emt 0:00:00]} e6 {[%emt 0:07:17]} 2. d4 {[%emt 0:00:00]} d5 {[%emt 0:00:19]} 3. exd5 {[%emt 0:00:10]} exd5 {[%emt 0:00:01]} 4. Nf3 {[%emt 0:00:36]} Nf6 {[%emt 0:00:02]} 5. Bd3 {[%emt 0:00:42]} Bd6 {[%emt 0:01:18]} 6. Nc3 {[%emt 0:01:38]} O-O {[%emt 0:00:14]} 7. O-O {[%emt 0:00:16]} Bg4 {[%emt 0:00:06]} 8. Bg5 {[%emt 0:00:47]} c6 {[%emt 0:00:02]} 9. Be2 {[%emt 0:01:58]} Nbd7 {[%emt 0:00:34]} 10. h3 {[%emt 0:02:53]} Bh5 {[%emt 0:00:50]} 11. Qd2 {[%emt 0:03:06]} Qc7 {[%emt 0:00:09]} 12. Be3 {[%emt 0:02:38]} Rfe8 {[%emt 0:02:37]} 13. Qe1 {[%emt 0:09:51]} h6 {[%emt 0:02:15]} 14. a3 {[%emt 0:03:09]} Bg6 {[%emt 0:01:45]} 15. Bd3 {[%emt 0:00:51]} Ne4 {[%emt 0:01:21]} 16. Nd2 {[%emt 0:03:07]} f5 {[%emt 0:00:36]} 17. Ncxe4 {[%emt 0:03:54]} dxe4 {[%emt 0:09:03]} 18. Bc4+ {[%emt 0:01:13]} Kh7 {[%emt 0:00:33]} 19. Nb3 {[%emt 0:02:16]} b5 {[%emt 0:02:19]} 20. Be2 {[%emt 0:00:26]} f4 {[%emt 0:00:10]} 21. Bd2 {[%emt 0:00:46]} f3 {[%emt 0:03:35]} 22. Bd1 {[%emt 0:01:08]} Nb6 {[%emt 0:03:41]} 23. Na5 {[%emt 0:03:21]} Qd7 {[%emt 0:04:19]} 24. Qe3 {[%emt 0:00:50]} Nd5 {[%emt 0:01:45]} 25. Qb3 {[%emt 0:00:30]} Bf4 {[%emt 0:01:39]} 26. Bc1 {[%emt 0:01:09]} Bxc1 {[%emt 0:00:36]} 27. Rxc1 {[%emt 0:00:10]} Nf4 {[%emt 0:00:04]} 28. Bxf3 {[%emt 0:02:48]} exf3 {[%emt 0:00:14]} 29. Qxf3 {[%emt 0:00:15]} Ne2+ {[%emt 0:00:04]} 30. Kh1 {[%emt 0:00:38]} Nxc1 {[%emt 0:00:08]} 31. Rxc1 {[%emt 0:00:05]} Qxd4 {[%emt 0:00:26]} 32. Nxc6 {[%emt 0:02:21]} Qd2 {[%emt 0:00:08]} 33. Rg1 {[%emt 0:00:18]} Be4 {[%emt 0:00:18]} 34. Qf7 {[%emt 0:02:03]} Bxc6 {[%emt 0:00:15]} 35. Qf5+ {[%emt 0:00:17]} Kh8 {[%emt 0:00:05]} 36. Qc5 {[%emt 0:00:24]} Rac8 {[%emt 0:00:11]} 37. Qxa7 {[%emt 0:00:40]} Re1 {[%emt 0:00:22]} 38. Rxe1 {[%emt 0:00:33]} Qxe1+ {[%emt 0:00:08]} 39. Kh2 {[%emt 0:00:06]} Qe5+ {[%emt 0:00:12]} 40. g3 {[%emt 0:00:24]} Qe4 {[%emt 0:00:06]} 0-1

[Event "Moscow-ch Women 2021"]
[Site "Moscow"]
[Date "2021.03.29"]
[Round "5.8"]
[White "Antonova, Nadezhda"]
[Black "Lyutsinger, Iren"]
[Result "0-1"]
[WhiteElo "1877"]
[BlackElo "1464"]
[Annotator "NA"]
[PlyCount "126"]
[EventDate "2021.03.25"]
[EventType "swiss"]
[EventCountry "RUS"]
[SourceTitle "playchess.com"]
[Source "ChessBase"]
[SourceQuality "1"]
[TimeControl "5400+30"]

1. d4 {[%emt 0:00:00]} Nf6 {[%emt 0:00:00]} 2. c4 {[%emt 0:00:00]} g6 {[%emt 0:00:15]} 3. Nc3 {[%emt 0:00:08]} Bg7 {[%emt 0:00:07]} 4. e4 {[%emt 0:00:18]} d6 {[%emt 0:00:00]} 5. h3 {[%emt 0:00:33]} O-O {[%emt 0:00:09]} 6. Be3 {[%emt 0:00:13]} b6 {[%emt 0:00:26]} 7. g4 {[%emt 0:02:18]} c5 {[%emt 0:05:50]} 8. Nge2 {[%emt 0:04:54]} Nc6 {[%emt 0:02:20]} 9. d5 {[%emt 0:03:17]} Ne5 {[%emt 0:04:29]} 10. Ng3 {[%emt 0:00:03]} Ba6 {[%emt 0:05:07]} 11. b3 {[%emt 0:00:54]} Nfxg4 {[%emt 0:04:53]} 12. hxg4 {[%emt 0:02:22]} Nf3+ {[%emt 0:07:04]} 13. Ke2 {[%emt 0:00:54]} Bxc3 {[%emt 0:01:07]} 14. Kxf3 {[%emt 0:00:21]} Bxa1 {[%emt 0:00:47]} 15. Qxa1 {[%emt 0:00:02]} f6 {[%emt 0:01:16]} 16. Kg2 {[%emt 0:13:27]} Qd7 {[%emt 0:04:12]} 17. f3 {[%emt 0:20:08]} b5 {[%emt 0:13:05]} 18. cxb5 {[%emt 0:00:59]} Bxb5 {[%emt 0:00:44]} 19. Bxb5 {[%emt 0:00:02]} Qxb5 {[%emt 0:00:01]} 20. Qf1 {[%emt 0:00:02]} a6 {[%emt 0:02:47]} 21. Ne2 {[%emt 0:06:34]} Qd3 {[%emt 0:04:44]} 22. Bh6 {[%emt 0:04:16]} Rfc8 {[%emt 0:02:59]} 23. Kg3 {[%emt 0:08:22]} Ra7 {[%emt 0:07:14]} 24. Qg2 {[%emt 0:00:58]} g5 {[%emt 0:03:57]} 25. Qh2 {[%emt 0:03:35]} e5 {[%emt 0:01:20]} 26. dxe6 {[%emt 0:03:02]} c4 {[%emt 0:01:05]} 27. Qf2 {[%emt 0:02:08]} Rac7 {[%emt 0:04:33]} 28. Nc1 {[%emt 0:03:42]} Qc3 {[%emt 0:01:37]} 29. b4 {[%emt 0:05:08]} Qe5+ {[%emt 0:02:38]} 30. Kg2 {[%emt 0:00:43]} Qxe6 {[%emt 0:03:47]} 31. Qd4 {[%emt 0:02:27]} Qe5 {[%emt 0:00:40]} 32. Rd1 {[%emt 0:00:45]} Qxd4 {[%emt 0:02:04]} 33. Rxd4 {[%emt 0:00:02]} Kf7 {[%emt 0:00:00]} 34. f4 {[%emt 0:01:05]} Rg8 {[%emt 0:03:31]} 35. fxg5 {[%emt 0:02:32]} Rc6 {[%emt 0:03:17]} 36. gxf6 {[%emt 0:02:09]} Rxg4+ {[%emt 0:00:38]} 37. Kf3 {[%emt 0:00:18]} Rg6 {[%emt 0:00:24]} 38. Bf4 {[%emt 0:03:41]} Rxf6 {[%emt 0:00:10]} 39. Rd5 {[%emt 0:00:38]} c3 {[%emt 0:02:43]} 40. Rh5 {[%emt 0:01:39]} Kg6 {[%emt 0:01:07]} 41. Rg5+ {[%emt 0:00:20]} Kf7 {[%emt 0:00:01]} 42. Rh5 {[%emt 0:01:26]} Kg7 {[%emt 0:02:08]} 43. Rg5+ {[%emt 0:01:47]} Rg6 {[%emt 0:00:20]} 44. Rd5 {[%emt 0:01:08]} c2 {[%emt 0:00:28]} 45. Rd3 {[%emt 0:00:49]} Rg1 {[%emt 0:00:36]} 46. Kf2 {[%emt 0:01:17]} Rd1 {[%emt 0:00:25]} 47. Ke2 {[%emt 0:01:14]} Rc4 {[%emt 0:00:35]} 48. Kf3 {[%emt 0:00:37]} Rf1+ {[%emt 0:00:50]} 49. Kg3 {[%emt 0:00:36]} Rxe4 {[%emt 0:00:13]} 50. Bd2 {[%emt 0:00:18]} Rd1 {[%emt 0:01:09]} 51. a3 {[%emt 0:00:39]} Kf7 {[%emt 0:00:55]} 52. Rxd6 {[%emt 0:00:22]} Ree1 {[%emt 0:01:01]} 53. Nb3 {[%emt 0:00:31]} Re2 {[%emt 0:00:31]} 54. Rc6 {[%emt 0:00:35]} Rexd2 {[%emt 0:00:17]} 55. Nxd2 {[%emt 0:00:22]} c1=Q {[%emt 0:04:54]} 56. Rxc1 {[%emt 0:00:09]} Rxc1 {[%emt 0:00:00]} 57. Kf4 {[%emt 0:00:42]} Ra1 {[%emt 0:00:00]} 58. Nc4 {[%emt 0:00:10]} Rc1 {[%emt 0:00:00]} 59. Ne5+ {[%emt 0:00:17]} Ke6 {[%emt 0:00:00]} 60. Nd3 {[%emt 0:00:17]} Rc3 {[%emt 0:00:00]} 61. Nc5+ {[%emt 0:00:15]} Rxc5 {[%emt 0:00:00]} 62. bxc5 {[%emt 0:00:10]} Kd5 {[%emt 0:00:00]} 63. c6 {[%emt 0:01:01]} Kxc6 {[%emt 0:00:00]} 0-1

[Event "Moscow-ch Women 2021"]
[Site "Moscow"]
[Date "2021.03.29"]
[Round "5.9"]
[White "Cherepanova, Evita"]
[Black "Panina, Sofya"]
[Result "1/2-1/2"]
[WhiteElo "1621"]
[BlackElo "1341"]
[Annotator "NA"]
[PlyCount "96"]
[EventDate "2021.03.25"]
[EventType "swiss"]
[EventCountry "RUS"]
[SourceTitle "playchess.com"]
[Source "ChessBase"]
[SourceQuality "1"]
[TimeControl "5400+30"]

1. e4 {[%emt 0:00:00]} e5 {[%emt 0:07:07]} 2. Nf3 {[%emt 0:00:00]} Nc6 {[%emt 0:00:01]} 3. Bc4 {[%emt 0:00:00]} Be7 {[%emt 0:00:03]} 4. d4 {[%emt 0:00:00]} d6 {[%emt 0:00:04]} 5. h3 {[%emt 0:00:00]} Nf6 {[%emt 0:00:09]} 6. Nc3 {[%emt 0:00:00]} O-O {[%emt 0:00:10]} 7. O-O {[%emt 0:00:00]} h6 {[%emt 0:00:09]} 8. a4 {[%emt 0:00:31]} a6 {[%emt 0:06:15]} 9. Be3 {[%emt 0:00:11]} exd4 {[%emt 0:03:02]} 10. Nxd4 {[%emt 0:00:23]} Nxd4 {[%emt 0:00:46]} 11. Qxd4 {[%emt 0:00:10]} Be6 {[%emt 0:00:20]} 12. Bxe6 {[%emt 0:02:20]} fxe6 {[%emt 0:02:24]} 13. Qc4 {[%emt 0:01:18]} Qd7 {[%emt 0:02:00]} 14. Qb3 {[%emt 0:02:00]} b6 {[%emt 0:02:49]} 15. Rad1 {[%emt 0:01:24]} Kh8 {[%emt 0:01:28]} 16. e5 {[%emt 0:01:48]} Nh5 {[%emt 0:05:19]} 17. exd6 {[%emt 0:01:11]} Bxd6 {[%emt 0:02:15]} 18. Ne4 {[%emt 0:01:50]} Nf4 {[%emt 0:11:43]} 19. Nxd6 {[%emt 0:00:27]} cxd6 {[%emt 0:00:05]} 20. Qxb6 {[%emt 0:08:18]} Nd5 {[%emt 0:09:08]} 21. Qd4 {[%emt 0:00:50]} Nxe3 {[%emt 0:00:23]} 22. fxe3 {[%emt 0:06:15]} Rxf1+ {[%emt 0:01:49]} 23. Rxf1 {[%emt 0:00:10]} d5 {[%emt 0:00:06]} 24. Rf4 {[%emt 0:07:44]} Qc7 {[%emt 0:01:38]} 25. Rg4 {[%emt 0:03:15]} Rd8 {[%emt 0:05:16]} 26. Rg6 {[%emt 0:11:21]} Kg8 {[%emt 0:05:21]} 27. Qg4 {[%emt 0:02:57]} Kh7 {[%emt 0:05:11]} 28. Qxe6 {[%emt 0:04:19]} Qxc2 {[%emt 0:04:35]} 29. Rxh6+ {[%emt 0:00:32]} gxh6 {[%emt 0:00:02]} 30. Qe7+ {[%emt 0:00:01]} Kg6 {[%emt 0:00:16]} 31. Qxd8 {[%emt 0:00:03]} Qxa4 {[%emt 0:00:48]} 32. Qd6+ {[%emt 0:02:19]} Kg7 {[%emt 0:00:35]} 33. Qc7+ {[%emt 0:02:44]} Kg6 {[%emt 0:01:15]} 34. Qb6+ {[%emt 0:00:41]} Kh7 {[%emt 0:01:31]} 35. Qc7+ {[%emt 0:00:32]} Kg6 {[%emt 0:00:43]} 36. Qd6+ {[%emt 0:00:09]} Kg7 {[%emt 0:01:06]} 37. Qe5+ {[%emt 0:00:59]} Kg6 {[%emt 0:03:28]} 38. Qe6+ {[%emt 0:01:04]} Kg7 {[%emt 0:02:17]} 39. Qg4+ {[%emt 0:05:44]} Qxg4 {[%emt 0:00:08]} 40. hxg4 {[%emt 0:00:01]} Kf6 {[%emt 0:00:14]} 41. Kf2 {[%emt 0:00:35]} Ke5 {[%emt 0:01:06]} 42. Ke2 {[%emt 0:02:12]} Ke4 {[%emt 0:03:14]} 43. g3 {[%emt 0:06:00]} a5 {[%emt 0:00:37]} 44. b3 {[%emt 0:00:20]} d4 {[%emt 0:01:09]} 45. exd4 {[%emt 0:00:06]} Kxd4 {[%emt 0:00:02]} 46. Kd2 {[%emt 0:00:07]} Ke4 {[%emt 0:00:32]} 47. Ke2 {[%emt 0:00:30]} Kd4 {[%emt 0:00:14]} 48. Kd2 {[%emt 0:00:37]} Ke5 {[%emt 0:00:50]} 1/2-1/2

[Event "Moscow-ch Women 2021"]
[Site "Moscow"]
[Date "2021.03.29"]
[Round "5.10"]
[White "Korovina, Yana"]
[Black "Gerasimova, Maria V."]
[Result "1-0"]
[WhiteElo "1531"]
[BlackElo "1166"]
[Annotator "NA"]
[PlyCount "75"]
[EventDate "2021.03.25"]
[EventType "swiss"]
[EventCountry "RUS"]
[SourceTitle "playchess.com"]
[Source "ChessBase"]
[SourceQuality "1"]
[TimeControl "5400+30"]

1. e4 {[%emt 0:00:43]} c6 {[%emt 0:00:00]} 2. Nf3 {[%emt 0:00:22]} d5 {[%emt 0:00:37]} 3. d3 {[%emt 0:00:09]} Nf6 {[%emt 0:00:57]} 4. e5 {[%emt 0:01:49]} Nfd7 {[%emt 0:00:25]} 5. d4 {[%emt 0:01:36]} e6 {[%emt 0:00:08]} 6. g3 {[%emt 0:00:27]} c5 {[%emt 0:00:24]} 7. c3 {[%emt 0:00:13]} Nc6 {[%emt 0:00:23]} 8. Bg2 {[%emt 0:00:05]} Qb6 {[%emt 0:01:31]} 9. O-O {[%emt 0:01:01]} Be7 {[%emt 0:01:28]} 10. h4 {[%emt 0:01:48]} h6 {[%emt 0:00:34]} 11. b3 {[%emt 0:04:24]} O-O {[%emt 0:01:10]} 12. g4 {[%emt 0:02:58]} cxd4 {[%emt 0:04:57]} 13. cxd4 {[%emt 0:00:11]} f6 {[%emt 0:01:31]} 14. g5 {[%emt 0:03:15]} hxg5 {[%emt 0:09:09]} 15. exf6 {[%emt 0:03:33]} Bxf6 {[%emt 0:00:42]} 16. Bb2 {[%emt 0:06:14]} gxh4 {[%emt 0:02:49]} 17. Bh3 {[%emt 0:03:16]} Re8 {[%emt 0:04:22]} 18. Re1 {[%emt 0:01:28]} Nf8 {[%emt 0:03:48]} 19. Ne5 {[%emt 0:01:30]} Bxe5 {[%emt 0:05:07]} 20. dxe5 {[%emt 0:00:09]} Re7 {[%emt 0:03:19]} 21. Nd2 {[%emt 0:08:14]} Rf7 {[%emt 0:02:17]} 22. Nf3 {[%emt 0:03:15]} Bd7 {[%emt 0:01:31]} 23. Re3 {[%emt 0:04:27]} Rf4 {[%emt 0:02:02]} 24. Ng5 {[%emt 0:05:53]} Re8 {[%emt 0:05:57]} 25. Qh5 {[%emt 0:03:36]} g6 {[%emt 0:00:36]} 26. Qh6 {[%emt 0:01:50]} Nb4 {[%emt 0:02:36]} 27. Nh7 {[%emt 0:14:28]} Nxh7 {[%emt 0:02:06]} 28. Qxf4 {[%emt 0:00:12]} g5 {[%emt 0:00:08]} 29. Qg4 {[%emt 0:02:22]} Nc2 {[%emt 0:00:55]} 30. Rf3 {[%emt 0:02:05]} Nxa1 {[%emt 0:00:36]} 31. Qh5 {[%emt 0:00:53]} Re7 {[%emt 0:01:05]} 32. Bxa1 {[%emt 0:00:49]} Qc5 {[%emt 0:05:42]} 33. Rc3 {[%emt 0:02:15]} Qd4 {[%emt 0:00:28]} 34. Rc8+ {[%emt 0:00:12]} Bxc8 {[%emt 0:00:32]} 35. Bxd4 {[%emt 0:00:02]} b6 {[%emt 0:00:56]} 36. Qg6+ {[%emt 0:00:29]} Kf8 {[%emt 0:37:12]} 37. Bb2 {[%emt 0:00:18]} Rg7 {[%emt 0:00:00]} 38. Ba3+ {[%emt 0:00:21]} 1-0